000 00507nam a2200181Ia 4500
003 GCL
008 140319s9999 xx 000 0 ara d
040 _aGCL /
_cGCL
082 0 4 _a301.42
_bع ت
100 1 _aعادل العوا
245 1 0 _aتحديث الاسرة والزواج /
_cعادل العوا
260 _aسوريا :
_bدار الفاضل ،
_c1991
300 _a288 ص ؛
_c24 سم
650 0 4 _aالمجتمع
650 0 4 _aالاسرة
650 0 4 _aالزواج
942 _2ddc
_cBK
999 _c43125
_d43125